Arms Control Today

محفوظ في:

التنسيق: دورية

اللغة: Undetermined

منشور في: JSTOR
Arms Control Association

الموضوعات:

الوصول للمادة أونلاين: Login to view Source

الوسوم: إضافة وسم

لا توجد وسوم, كن أول من يضع وسما على هذه التسجيلة!

رقم الطلب:

LEADER 00582nas a2200193Ia 4500
008 220214c99999999xx |||||||||||| ||und||
022 |a 0196-125X 
022 |a 1943-5754 
245 0 0 |a Arms Control Today 
264 1 |b JSTOR 
264 1 |b Arms Control Association 
362 0 |a Vol. 4(1974)-49 (2019) 
653 1 0 |a Peace & Conflict Studies 
653 1 0 |a Political Science 
653 1 0 |a Social Sciences 
856 4 0 |u https://www.jstor.org/journal/armscontroltoday 
942 |c JL 
952 |0 0  |1 0  |4 0  |7 1  |9 34031  |a JSR  |b JSR  |d 2022-02-14  |l 0  |r 2022-02-14 00:00:00  |w 2022-02-14  |y JL 
999 |c 42364  |d 42364